Sinh thái học và bảo vệ môi trường

Các kiến thức cơ bản và ứng dụng của sinh thái học trong lĩnh vực kỹ thuật môi trường. Các nguyên nhân và bản chất của ô nhiễm môi trường đất, nước, không khí, ô nhiễm nhiệt, ảnh hưởng của ô nhiễm tới chất lượng môi trường sống...

Ful tanımlama

Kaydedildi:
Detaylı Bibliyografya
Yazar: Nguyễn, Thị Kim Thái
Materyal Türü: Kitap
Dil:Undetermined
Baskı/Yayın Bilgisi: Hà Nội Xây dựng 2003
Konular:
Etiketler: Etiketle
Etiket eklenmemiş, İlk siz ekleyin!
Thư viện lưu trữ: Trung tâm Học liệu Trường Đại học Cần Thơ
LEADER 01028nam a2200205Ia 4500
001 CTU_95613
008 210402s9999 xx 000 0 und d
020 |c 38000 
082 |a 577.2 
082 |b Th103 
100 |a Nguyễn, Thị Kim Thái 
245 0 |a Sinh thái học và bảo vệ môi trường 
245 0 |c Nguyễn Thị Kim Thái , Lê Thị Hiền Thảo 
260 |a Hà Nội 
260 |b Xây dựng 
260 |c 2003 
520 |a Các kiến thức cơ bản và ứng dụng của sinh thái học trong lĩnh vực kỹ thuật môi trường. Các nguyên nhân và bản chất của ô nhiễm môi trường đất, nước, không khí, ô nhiễm nhiệt, ảnh hưởng của ô nhiễm tới chất lượng môi trường sống và sức khoẻ cộng đồng 
650 |a Ecology,Environment protections 
904 |i Vương,Hải 
980 |a Trung tâm Học liệu Trường Đại học Cần Thơ